Geography Quiz

Random Geography or State Quiz

State Quiz: New Jersey Stats

Quiz not verified by Sporcle

Challenge
Share
Tweet
Embed
Score 0/30 Timer 10:00
0 Plays Today
Hint Answer % Correct
CapitalTrenton
95.9%
Largest AirportNewark Liberty International Airport
94.8%
Largest CityNewark
94.6%
Abbreviation NJ
91%
Time ZoneEastern
89.3%
NicknameGarden State
88.7%
NFL TeamNew York Giants
84.8%
NFL TeamNew York Jets
84.1%
NHL TeamNew Jersey Devils
84%
Flag ColorBuff
83.4%
Governor Phil Murphy
83%
Flag ColorBlue
81.5%
The _ State to join the Union3rd
80.1%
Oldest Institution of Higher LearningPrinceton University
71.3%
Number of Counties21
69%
Hint Answer % Correct
Number of Congressional Districts12
60%
Official NameState of New Jersey
49.3%
Highest Point (1,803 ft)High Point
40%
Admission into the Union1787
39.7%
SenatorCorey Booker
39.1%
State BirdEastern Goldfinch
36.3%
SenatorBob Menendez
35.6%
Lowest Point (0 ft)Atlantic Ocean
35.2%
Demonym New Jerseyan
30.8%
Longest RiverHudson River
30.5%
Largest LakeLake Hopatcong
25.2%
State FlowerPurple Violet
18.6%
Lieutenant GovernorSheila Oliver
16.8%
Founded BySir George Carteret and John Berkeley
15.7%
MottoLiberty and Prosperity
15.6%

You're not logged in!

Compare scores with friends on all Sporcle quizzes.
Join for Free
OR
Log In

You Might Also Like...

Show Comments

Extras

Top Quizzes Today


Score Distribution

Your Account Isn't Verified!

In order to create a playlist on Sporcle, you need to verify the email address you used during registration. Go to your Sporcle Settings to finish the process.

Report this User

Report this user for behavior that violates our Community Guidelines.

Details: